000 nam a22 a 4500
999 _c4692
_d4692
003 AKMAL
005 20170728111348.0
008 170728s2017 my | e l 000 0 may d
020 _cRM41.00
082 0 4 _a343.5950965 MAL
_222
090 0 0 _a343.5950965
_bMAL
110 1 _aMalaysia
_9400
245 1 0 _aAkta perkapalan saudagar (Liabiliti Dan Pampasan Bagi Pencemaran Minyak Dan Minyak Bunker) 1994 (Akta 515) :
_bpindaan hingga Mac 2014 /
_cdisusun oleh Penasihat Undang-Undang MDC
260 _aKuala Lumpur :
_bMDC Publishers,
_c2017
300 _aiii, 49ms. ;
_c27cm.
650 1 0 _aMaritime law
_zMalaysia
_98410
942 _2ddc
_cBOOK
950 _lAKMAL